000 00740cam a2200193 i 4500
005 20251108174843.0
008 250721s2010 jo gr 000 0 ara d
082 1 4 _a001.42
_bق د ا
100 1 _aالقداح، محمد إبراهيم
_eمؤلف.
245 1 2 _aالبحث الإجرائي في تطوير المؤسسات التربوية /
_cتأليف الدكتور محمد إبراهيم القداح.
250 _aالطبعة الأولى.
264 1 _aعمان :
_bدار وائل للنشر والتوزيع،
_c2010.
300 _a272 صفحة.
650 1 7 _aالأبحاث.
650 1 7 _aالبحث التطبيقي.
650 1 7 _aأساليب البحث.
942 _2ddc
_cBK
999 _c119803
_d119803